| 000 | 00508cam a22001577a 4500 | ||
|---|---|---|---|
| 008 | 180718b2006 xxu||||| |||| 00| 0 eng d | ||
| 082 | _aAPPPA/2005-06/JAY/21 | ||
| 100 | _aby P. Jayapal | ||
| 245 | _aGeo-hydrographic impact and issues post tsunami | ||
| 260 |
_aNew Delhi _bIndian Institute of Public Administration _c2006 |
||
| 300 | _a86p. | ||
| 500 | _aAn M. Phill dissertation, 2005-06 (Guide: Prof. Anil C. Ittyerah) | ||
| 650 | _aPost tsunami | ||
| 650 | _aGeo-hydrographic | ||
| 700 | _aJayapal, P. | ||
| 999 |
_c493380 _d493380 |
||